| Tag |
First Indicator |
Second Indicator |
Subfields |
| LEADER |
00000cam a22000008a 4500 |
| 001 |
in00000071752 |
| 005 |
20151008062357.0 |
| 008 |
810422s1981 nyuac 00110beng |
| 010 |
|
|
|a 81005486
|
| 020 |
|
|
|a 0801413044
|
| 035 |
|
|
|a (OCoLC)07462701
|
| 035 |
|
|
|9 AAK0095AM
|
| 039 |
0 |
|
|a 2
|b 3
|c 3
|d 3
|e 3
|
| 040 |
|
|
|a DLC
|c DLC
|d CUX
|d TXA
|d UtOrBLW
|
| 049 |
|
|
|a TXAM
|c [1672388]
|
| 050 |
0 |
0 |
|a QH429.2.M84
|b C37
|
| 060 |
|
0 |
|a WZ 100 M956C (P)
|
| 082 |
0 |
|
|a 575.1/092/4
|a B
|2 19
|
| 100 |
1 |
|
|a Carlson, Elof Axel.
|
| 245 |
1 |
0 |
|a Genes, radiation, and society :
|b the life and work of H.J. Muller /
|c Elof Axel Carlson.
|
| 263 |
|
|
|a 8110
|
| 264 |
|
1 |
|a Ithaca, N.Y. :
|b Cornell University Press,
|c 1981.
|
| 300 |
|
|
|a xiv, 457 pages :
|b illustrations, portraits ;
|c 24 cm.
|
| 336 |
|
|
|a text
|b txt
|2 rdacontent
|
| 337 |
|
|
|a unmediated
|b n
|2 rdamedia
|
| 338 |
|
|
|a volume
|b nc
|2 rdacarrier
|
| 504 |
|
|
|a Includes bibliographical references and index.
|
| 600 |
1 |
0 |
|a Muller, H. J.
|q (Hermann Joseph),
|d 1890-1967.
|
| 650 |
|
0 |
|a Genetics
|x Social aspects
|x History.
|
| 650 |
|
0 |
|a Geneticists
|z United States
|x Biography.
|
| 650 |
|
2 |
|a Genetics
|x biography.
|
| 650 |
|
2 |
|a Radiobiology
|x biography.
|
| 999 |
|
|
|a MARS
|
| 999 |
f |
f |
|s f5ed0278-9f0c-3bc2-8d62-c9d2031ee565
|i f86fa2b0-946d-335e-b4fc-c99224277212
|t 0
|
| 952 |
f |
f |
|p normal
|a Texas A&M University
|b College Station
|c Sterling C. Evans Library
|d Evans: Library Stacks
|t 0
|e QH429.2.M84 C37
|h Library of Congress classification
|i unmediated -- volume
|m A14806216884
|
| 998 |
f |
f |
|a QH429.2.M84 C37
|t 0
|l Evans: Library Stacks
|